[Event "Fast Game"]
[Site "www.echecsemail.com"]
[Date "2015.02.08"]
[Round "1"]
[White "Chtoubidou"]
[Black "Attatroll"]
[WhiteElo "1710"]
[BlackElo "1810"]
[Result "1-0"]
[Round "1"]
1.e4 d5
2.Nb1c3 d4
3.Nc3e2 e5
4.Ne2g3 c5
5.Ng1f3 f6
6.Bf1c4 Nb8c6
7.Bc4xg8 Rh8xg8
8.d3 Bc8e6
9.O-O Bf8d6
10.Bc1d2 Qd8c7
11.Nf3e1 O-O-O
12.f4 exf4
13.Ng3h5 Qc7d7
14.Nh5xf4 Be6f7
15.Ne1f3 Nc6e5
16.a4 Ne5xf3
17.Qd1xf3 Rd8e8
18.a5 Kb8
19.a6 b6
20.Rf1b1 h5
21.b4 c4
22.dxc4 Bf7xc4
23.Nf4g6 Qd7f7
24.Ng6h4 Qf7e7
25.Nh4f5 Qe7e5
26.Nf5xd6 Qe5xd6
27.Bd2f4 Re8e5
28.Bf4xe5 fxe5
29.Qf3xh5 Rg8f8
30.Qh5g5 Qd6f6
31.Qg5xf6 Rf8xf6
32.Rb1e1 Kc7
33.Ra1a3 Kc6
34.Ra3g3 g6
35.h4 Bc4xa6
36.Rg3g5 Kd6
37.Re1a1 Ba6e2
38.Ra1xa7 Kc6
39.Ra7g7 Rf6f1
40.Kh2 Rf1f4
41.Rg7xg6 Kb5
42.Rg5xe5 Kxb4
43.Rg6xb6 Kc3
44.Re5c5 Kd2
45.e5 Rf4xh4
46.Kg3 Rh4g4
47.Kf2 Rg4f4
48.Kg1 Rf4g4
49.e6 Be2f3
50.e7 Rg4xg2
51.Kf1 Rg2e2
52.Rb6f6 Re2e1
53.Kf2 Bf3h5
54.Rf6d6 Re1e2
55.Kg3 Re2e4
56.Rc5xh5 { resign }
1-0

[Event "Tourn. n7929"]
[Site "www.chess-mail.com"]
[Date "2015.02.09"]
[Round "1"]
[White "Numanoid"]
[Black "Woodpusher2"]
[WhiteElo "2570"]
[BlackElo "2470"]
[Result "1/2-1/2"]
[Round "1"]
1.e4 c5
2.Ng1f3 Nb8c6
3.Bf1b5 g6
4.Bb5xc6 bxc6
5.O-O Bf8g7
6.Rf1e1 Ra8b8
7.c3 Ng8f6
8.e5 Nf6d5
9.c4 Nd5c7
10.d4 cxd4
11.Qd1xd4 Bc8a6
12.b3 O-O
13.Qd4xa7 Rb8b7
14.Qa7e3 d5
15.Nb1d2 Nc7e6
16.cxd5 Qd8xd5
17.Nd2e4 Rf8d8
18.Ne4g5 Ne6xg5
19.Qe3xg5 c5
20.Qg5h4 Rd8e8
21.Bc1h6 Rb7b4
22.Qh4g5 Qd5e6
23.Qg5e3 Ba6b7
24.Bh6xg7 Kxg7
25.Nf3g5 Qe6b6
26.f3 Re8c8
27.Re1c1 Qb6b5
28.a4 Qb5a5
29.Qe3d2 Qa5a7
30.Kh1 h6
31.Ng5xf7 Kxf7
32.Qd2xh6 Qa7b6
33.a5 Qb6e6
34.Qh6h7 Ke8
{ draw }
1/2-1/2

[Event "Tourn. n7916"]
[Site "www.chess-mail.com"]
[Date "2015.02.09"]
[Round "1"]
[White "Generalfree"]
[Black "Olddog55"]
[WhiteElo "1750"]
[BlackElo "1740"]
[Result "1-0"]
[Round "1"]
1.e4 e5
2.Ng1f3 Ng8f6
3.Nb1c3 Nb8c6
4.Bf1b5 g6
5.Bb5xc6 bxc6
6.Nf3xe5 Bf8g7
7.Ne5c4 Bc8a6
8.Nc4e3 O-O
9.d3 Qd8e7
10.f3 d5
11.Nc3e2 Ba6b7
12.a3 c5
13.exd5 Bb7xd5
14.Ne3xd5 Nf6xd5
15.c4 Nd5e3
16.Bc1xe3 Qe7xe3
17.Ra1b1 Ra8b8
18.b3 Rb8e8
19.Kf1 Bg7f6
20.Ne2g3 Bf6d4
21.Qd1e2 Qe3f4
22.Qe2c2 h5
23.Ng3e2 Qf4e3
24.Ne2xd4 Qe3xd4
25.Rb1e1 Qd4h4
26.g3 Qh4h3
27.Kf2 f5
28.Qc2d2 h4
29.Re1xe8 Rf8xe8
30.Qd2h6 f4
31.Qh6xg6 Kf8
32.Qg6h6 Ke7
33.gxh4 Qh3f5
34.Rh1e1 Kd8
35.Qh6g5 Qf5xg5
36.hxg5 Re8h8
37.Kg2 Rh8h5
38.Re1e5 Rh5h7
39.Re5xc5 Kc8
40.Rc5f5 { resign }
1-0

[Event "Tourn. n7973"]
[Site "www.chess-mail.com"]
[Date "2015.02.09"]
[Round "1"]
[White "Julian"]
[Black "Generalfree"]
[WhiteElo "1940"]
[BlackElo "1880"]
[Result "0-1"]
[Round "1"]
1.e4 e5
2.Ng1f3 Nb8c6
3.Bf1b5 Ng8e7
4.d4 Nc6xd4
5.Nf3xd4 exd4
6.O-O a6
7.Bb5e2 c5
8.c3 dxc3
9.Nb1xc3 b5
10.Be2f3 Ra8b8
11.Bc1f4 d6
12.Rf1e1 Ne7g6
13.Bf4g3 Bc8b7
14.e5 dxe5
15.Bf3xb7 Rb8xb7
16.Qd1xd8 Kxd8
17.Ra1d1 Rb7d7
18.Rd1xd7 Kxd7
19.Re1d1 Ke6
20.Nc3e4 f6
21.h4 h5
22.f3 Bf8e7
23.Bg3f2 Rh8c8
24.Rd1c1 Ng6f4
25.Kf1 Nf4d3
26.Rc1c3 Nd3xf2
27.Kxf2 f5
28.Ne4d2 Be7xh4
29.g3 Bh4f6
30.b3 g5
31.Rc3c2 h4
32.Nd2f1 e4
33.fxe4 fxe4
34.Nf1e3 h3
35.Ne3g4 Bf6d4
36.Ng4e3 h2
37.Kg2 Rc8h8
38.Kh1 Bd4xe3
39.Rc2e2 Be3d4
40.Re2xe4 Kf5
41.Re4e7 Kg4
{ resign }
0-1

[Event "Tourn. n8027"]
[Site "www.chess-mail.com"]
[Date "2015.02.09"]
[Round "1"]
[White "Stevo100"]
[Black "Julian"]
[WhiteElo "2030"]
[BlackElo "1940"]
[Result "0-1"]
[Round "1"]
1.d4 Ng8f6
2.Bc1f4 d6
3.e3 c5
4.c3 cxd4
5.exd4 g6
6.Bf1e2 Bf8g7
7.Nb1d2 O-O
8.Ng1f3 { time. }
0-1

[Event "Tourn. n8000"]
[Site "www.chess-mail.com"]
[Date "2015.02.09"]
[Round "1"]
[White "Osopanda"]
[Black "Guidom"]
[WhiteElo "2020"]
[BlackElo "2060"]
[Result "1/2-1/2"]
[Round "1"]
1.c4 e5
2.Nb1c3 Ng8f6
3.g3 Nb8c6
4.Bf1g2 d6
5.e4 Bc8e6
6.d3 Bf8e7
7.Ng1e2 O-O
8.O-O Qd8c8
9.Rf1e1 Be6h3
10.Bg2h1 Nc6d4
11.Ne2xd4 exd4
12.Nc3e2 c5
13.Ne2f4 a6
14.Nf4xh3 Qc8xh3
15.Bh1g2 Qh3d7
16.e5 dxe5
17.Bc1g5 h6
18.Bg5d2 Be7d6
19.a3 Rf8e8
20.b4 Ra8b8
21.Ra1b1 b5
22.cxb5 axb5
23.bxc5 Bd6xc5
24.Bd2b4 Bc5xb4
25.axb4 Rb8c8
26.Qd1b3 Rc8c3
27.Qb3d1 Qd7d6
28.h3 Nf6d5
29.Bg2xd5 Qd6xd5
30.Re1e4 f5
31.Re4e2 e4
32.dxe4 fxe4
33.Re2d2 Re8d8
34.Rb1a1 Rc3c4
35.Ra1a7 Rc4xb4
36.Qd1g4 Rb4b1
37.Kh2 g5
38.Qg4h5 Qd5e6
39.Rd2c2 Rd8f8
{ draw }
1/2-1/2

[Event "Tourn. n7893"]
[Site "www.chess-mail.com"]
[Date "2015.02.09"]
[Round "1"]
[White "Tartan"]
[Black "Winterlude"]
[WhiteElo "2330"]
[BlackElo "2540"]
[Result "0-1"]
[Round "1"]
1.d4 d5
2.c4 Nb8c6
3.Ng1f3 Bc8g4
4.e3 e6
5.Nb1c3 Bf8b4
6.Bc1d2 Ng8e7
7.Bf1e2 Bg4xf3
8.Be2xf3 dxc4
9.Qd1e2 Nc6a5
10.a3 Bb4xc3
11.Bd2xc3 c6
12.O-O Na5b3
13.Ra1d1 b5
14.e4 O-O
15.d5 exd5
16.exd5 Ne7xd5
17.Qe2e5 Qd8f6
18.Qe5xf6 Nd5xf6
19.Bf3xc6 Ra8b8
20.Rf1e1 a6
21.Bc3xf6 gxf6
22.Re1e7 Nb3c5
23.Rd1d4 Rf8d8
24.Bc6d5 Nc5e6
25.Rd4d1 b4
26.axb4 Kf8
27.Re7a7 Rb8xb4
28.f4 Rb4xb2
29.f5 Ne6f4
30.Ra7xf7 Ke8
{ resign }
0-1

[Event "Tourn. n8028"]
[Site "www.chess-mail.com"]
[Date "2015.02.09"]
[Round "1"]
[White "Luban"]
[Black "Sontuozio"]
[WhiteElo "2090"]
[BlackElo "2160"]
[Result "0-1"]
[Round "1"]
1.d4 d5
2.Ng1f3 Ng8f6
3.e3 e6
4.a3 Bf8d6
5.c4 c6
6.Nb1c3 O-O
7.h3 Nb8d7
8.Bf1d3 Rf8e8
9.O-O dxc4
10.Bd3xc4 b5
11.Bc4d3 Bc8b7
12.e4 e5
13.Bc1g5 Qd8c7
14.Bg5xf6 Nd7xf6
15.Ra1c1 a6
16.b4 Ra8d8
17.d5 Qc7b6
18.Qd1b3 cxd5
19.Rf1e1 d4
20.Nc3b1 h6
21.Nb1d2 Bb7c8
22.Nd2f1 Bc8e6
23.Qb3b2 Rd8c8
24.Nf1g3 Be6c4
25.Qb2b1 Rc8c7
26.Ng3f5 Re8c8
27.Nf5xd6 Qb6xd6
28.Bd3xc4 bxc4
29.Rc1c2 c3
{ resign }
0-1

[Event "Tourn. n7734"]
[Site "www.chess-mail.com"]
[Date "2015.02.09"]
[Round "1"]
[White "Naujzaid"]
[Black "Azulmarino"]
[WhiteElo "1499"]
[BlackElo "1570"]
[Result "1-0"]
[Round "1"]
1.d4 d5
2.c4 e6
3.Nb1c3 Ng8f6
4.cxd5 exd5
5.Bc1g5 Bf8e7
6.e3 Bc8d7
7.Bg5xf6 Be7xf6
8.Nc3xd5 Bd7c6
9.Nd5xf6 Qd8xf6
10.Ng1f3 Bc6e4
11.Bf1e2 Nb8c6
12.O-O Qf6g6
13.Ra1c1 a6
14.Rc1c3 Ra8c8
15.Be2d3 f5
16.Qd1e2 Nc6b4
17.Bd3xe4 fxe4
18.Nf3e5 Qg6f6
19.a3 Nb4d5
20.Rc3c2 Rc8d8
21.Qe2g4 O-O
22.Qg4xe4 Rf8e8
23.Qe4f3 c6
24.Qf3xf6 Nd5xf6
25.b4 Nf6d5
26.h3 Rd8d6
27.g3 Nd5f6
28.Rf1c1 Nf6e4
29.a4 Ne4g5
30.Kg2 Re8c8
31.b5 axb5
32.axb5 h6
33.bxc6 bxc6
34.Rc2xc6 Rc8xc6
35.Rc1xc6 Rd6d8
36.h4 Ng5e4
37.Kf3 Ne4f6
38.g4 Rd8f8
39.Kg3 Nf6e4
40.Kg2 Rf8xf2
41.Kg1 Rf2e2
42.Rc6c8 Kh7
43.h5 g6
44.Ne5xg6 Kg7
45.Ng6e5 Re2xe3
46.Rc8c7 Kf6
47.Rc7f7 Ke6
48.Rf7h7 Kd5
49.Rh7xh6 Kxd4
50.Ne5c6 Kd3
51.Rh6g6 Ke2
52.Nc6d4 Kd3
53.Nd4f5 Re3f3
54.h6 Rf3h3
55.Kg2 Rh3f3
56.h7 Rf3f2
57.Kh3 Rf2f3
58.Kh4 { resign }
1-0

[Event "Tourn. n8002"]
[Site "www.chess-mail.com"]
[Date "2015.02.09"]
[Round "1"]
[White "Falcoale"]
[Black "Bigoak"]
[WhiteElo "1880"]
[BlackElo "1970"]
[Result "1/2-1/2"]
[Round "1"]
1.e4 c6
2.f4 d5
3.Bf1d3 dxe4
4.Bd3xe4 Ng8f6
5.Be4d3 Bc8g4
6.Ng1f3 e6
7.h3 Bg4xf3
8.Qd1xf3 Bf8c5
9.Nb1c3 Nb8d7
10.Nc3e2 O-O
11.b3 Bc5b6
12.Bc1b2 Qd8c7
13.O-O-O Nd7c5
14.g4 Ra8d8
15.g5 Nc5xd3
16.cxd3 Nf6d5
17.h4 Nd5e7
18.Ne2g3 Rd8d5
19.h5 Rf8d8
20.g6 hxg6
21.h6 Bb6d4
22.Bb2xd4 Rd5xd4
23.hxg7 Kxg7
24.Qf3g2 Rd4xd3
25.Ng3h5 Kf8
26.Nh5f6 Kg7
27.Qg2g5 Ne7f5
28.Rh1h2 Kf8
29.Rh2h8 Kg7
30.Rh8h7 Kf8
31.Rh7h8 Kg7
{ draw }
1/2-1/2

[Event "Tourn. n7950"]
[Site "www.chess-mail.com"]
[Date "2015.02.09"]
[Round "1"]
[White "Picifarkinca"]
[Black "Cardiff"]
[WhiteElo "2000"]
[BlackElo "2070"]
[Result "1/2-1/2"]
[Round "1"]
1.Ng1f3 c5
2.g3 Nb8c6
3.Bf1g2 d5
4.c4 d4
5.d3 Ng8f6
6.O-O e5
7.e3 Bf8e7
8.exd4 exd4
9.Bc1f4 O-O
10.Rf1e1 Bc8g4
11.h3 Bg4xf3
12.Bg2xf3 Ra8c8
13.Nb1d2 Be7d6
14.Bf4g5 h6
15.Bg5xf6 Qd8xf6
16.Nd2e4 Qf6d8
17.Ne4xd6 Qd8xd6
18.Qd1d2 Rf8e8
19.Re1xe8 Rc8xe8
20.Ra1e1 Re8xe1
21.Qd2xe1 Kf8
22.Qe1e4 g6
23.a3 Kg7
{ draw }
1/2-1/2

[Event "Tourn. n7938"]
[Site "www.chess-mail.com"]
[Date "2015.02.09"]
[Round "1"]
[White "Vite"]
[Black "Sonivano"]
[WhiteElo "2000"]
[BlackElo "2300"]
[Result "0-1"]
[Round "1"]
1.e4 e5
2.Ng1f3 Nb8c6
3.Bf1b5 a6
4.Bb5a4 Ng8f6
5.O-O Nf6xe4
6.Rf1e1 Ne4c5
7.Ba4xc6 dxc6
8.d4 Nc5e6
9.dxe5 Bc8d7
10.c4 Bf8e7
11.Nb1c3 O-O
12.Nc3e4 Ne6c5
13.Ne4xc5 Be7xc5
14.Bc1g5 Bc5e7
15.Bg5xe7 Qd8xe7
16.b3 Bd7g4
17.h3 Bg4h5
18.Qd1d3 Ra8d8
19.Qd3f5 Bh5xf3
20.Qf5xf3 Rd8d2
21.Re1e2 Rf8d8
22.Re2xd2 Rd8xd2
23.Qf3e3 Qe7d7
24.f4 h6
25.g4 Rd2d3
26.Qe3e2 Qd7d4
27.Kf1 Qd4xa1
{ resign }
0-1

[Event "Tourn. n7981"]
[Site "www.chess-mail.com"]
[Date "2015.02.09"]
[Round "1"]
[White "Wings"]
[Black "Szustan"]
[WhiteElo "2520"]
[BlackElo "2620"]
[Result "0-1"]
[Round "1"]
1.d4 d5
2.c4 dxc4
3.Ng1f3 Ng8f6
4.e3 e6
5.Bf1xc4 c5
6.O-O a6
7.Qd1e2 b5
8.Bc4d3 Bc8b7
9.dxc5 Bf8xc5
10.a4 b4
11.Nb1d2 O-O
12.Rf1d1 Nb8d7
13.Nd2c4 Qd8c7
14.b3 Ra8d8
15.Bc1b2 Bc5e7
16.Ra1c1 Nf6d5
17.Bd3b1 Nd7c5
18.Nc4e5 a5
19.Ne5d3 Bb7a6
20.Nf3e5 Nd5c3
21.Bb2xc3 bxc3
22.Qe2h5 g6
23.Qh5h3 Nc5xb3
24.Ne5xf7 Rf8xf7
25.Nd3f4 Nb3xc1
{ resign }
0-1

[Event "Tourn. n7994"]
[Site "www.chess-mail.com"]
[Date "2015.02.09"]
[Round "1"]
[White "Hundegana"]
[Black "Nham"]
[WhiteElo "1950"]
[BlackElo "1859"]
[Result "0-1"]
[Round "1"]
1.d4 d5
2.Bc1f4 Ng8f6
3.f3 c5
4.e3 Nb8c6
5.c3 Bc8f5
6.Nb1d2 e6
7.Bf1b5 Qd8b6
8.Bb5xc6 Qb6xc6
9.Ng1e2 Bf8e7
10.O-O O-O
11.Ne2g3 Bf5g6
12.Rf1e1 Ra8c8
13.Ra1c1 Qc6b6
14.b3 cxd4
15.exd4 Be7a3
16.Ng3e2 Ba3xc1
17.Qd1xc1 Qb6a5
18.a3 Bg6d3
19.b4 Qa5a6
20.Ne2g3 Qa6c6
21.Re1e3 Bd3g6
22.Ng3e2 Nf6d7
23.h3 Nd7b6
24.g4 Qc6b5
25.Kf2 Nb6a4
26.Nd2b3 b6
27.h4 Bg6d3
28.h5 Bd3xe2
29.Re3xe2 Rc8xc3
30.Qc1b1 Rf8c8
31.g5 Rc3xf3
32.Kxf3 Qb5xe2
33.Kxe2 Na4c3
34.Kd3 Nc3xb1
35.Nb3d2 Nb1xa3
36.g6 Na3c4
37.gxf7 Kxf7
38.Nd2f3 Ke7
39.Nf3g5 a5
40.bxa5 bxa5
41.Ng5xh7 Rc8h8
42.Nh7g5 Rh8xh5
43.Kc3 Kf6
44.Ng5xe6 Kxe6
45.Kb3 g5
46.Bf4b8 Rh5h3
47.Kc2 a4
48.Bb8c7 a3
49.Kb1 g4
50.Ka2 g3
{ resign }
0-1

[Event "Tourn. n7983"]
[Site "www.chess-mail.com"]
[Date "2015.02.09"]
[Round "1"]
[White "Bennyp"]
[Black "Guidom"]
[WhiteElo "2270"]
[BlackElo "2040"]
[Result "1-0"]
[Round "1"]
1.e4 e5
2.f4 exf4
3.Ng1f3 d5
4.exd5 Qd8xd5
5.d4 Bc8g4
6.Nb1c3 Bf8b4
7.Bf1e2 Nb8c6
8.O-O Bb4xc3
9.bxc3 O-O-O
10.Bc1xf4 Ng8f6
11.Be2d3 Nf6h5
12.Bf4d2 Rh8e8
13.h3 Bg4xf3
14.Qd1xf3 Qd5xf3
15.Rf1xf3 Nh5f6
16.Bd2g5 Rd8d6
17.Bg5xf6 gxf6
18.Ra1f1 Nc6e7
19.Rf3xf6 Rd6xf6
20.Rf1xf6 Ne7d5
21.Rf6f3 f6
22.Bd3xh7 Re8e2
23.Kf1 Re2e7
24.Bh7f5 Kd8
25.Kf2 c6
26.c4 Nd5b4
27.a3 Nb4a6
28.Rf3g3 Kc7
29.h4 Re7e4
30.Bf5xe4 { resign }
1-0

[Event "Tourn. n8015"]
[Site "www.chess-mail.com"]
[Date "2015.02.09"]
[Round "1"]
[White "Genius9"]
[Black "Olddog55"]
[WhiteElo "1510"]
[BlackElo "1700"]
[Result "1-0"]
[Round "1"]
1.d4 d5
2.c4 Ng8f6
3.cxd5 Nf6xd5
4.Ng1f3 Nb8c6
5.e4 Nd5b4
6.d5 Nc6a5
7.a3 e6
8.axb4 Bf8xb4
9.Bc1d2 Qd8e7
10.dxe6 Qe7xe6
11.Bd2xb4 Qe6xe4
12.Qd1e2 Bc8f5
13.Qe2xe4 { resign }
1-0

[Event "Tourn. n7978"]
[Site "www.chess-mail.com"]
[Date "2015.02.09"]
[Round "1"]
[White "Difficult"]
[Black "Falcoale"]
[WhiteElo "1880"]
[BlackElo "1870"]
[Result "1/2-1/2"]
[Round "1"]
1.Ng1f3 Ng8f6
2.d4 e6
3.Bc1g5 h6
4.Bg5xf6 Qd8xf6
5.c3 b6
6.e4 Bc8b7
7.Bf1d3 d5
8.e5 Qf6d8
9.O-O Bf8e7
10.Qd1e2 O-O
11.Nb1d2 Nb8d7
12.Bd3a6 Bb7c6
13.Ba6b5 Bc6b7
14.Bb5a6 Ra8b8
15.Ba6xb7 Rb8xb7
16.a4 c5
17.Rf1c1 c4
18.Nd2f1 a6
19.Nf1g3 b5
20.axb5 axb5
21.Ra1a2 Be7g5
22.Nf3xg5 Qd8xg5
23.Rc1a1 Nd7b6
24.h3 Nb6a4
25.Qe2c2 Na4b6
26.Ra2a7 Rb7xa7
27.Ra1xa7 Rf8b8
28.Ng3f1 Nb6c8
29.Ra7c7 Nc8b6
30.Nf1g3 { draw }
1/2-1/2

[Event "Tourn. n8046"]
[Site "www.chess-mail.com"]
[Date "2015.02.09"]
[Round "1"]
[White "Maxlou"]
[Black "Amaya"]
[WhiteElo "1770"]
[BlackElo "1900"]
[Result "1-0"]
[Round "1"]
1.d4 Ng8f6
2.Ng1f3 e6
3.Bc1f4 d5
4.e3 Nb8c6
5.Bf1d3 Nf6e4
6.Nb1c3 Bf8b4
7.Bd3xe4 dxe4
8.Nf3d2 f5
9.Qd1h5 g6
10.Qh5h6 Qd8e7
11.f3 Bb4xc3
12.bxc3 Bc8d7
13.Bf4g5 Qe7a3
14.fxe4 Qa3xc3
15.Qh6g7 Qc3xa1
16.Ke2 Qa1xh1
17.Qg7xh8 Kf7
18.Qh8xh7 Ke8
19.Qh7g8 { resign }
1-0

[Event "Tourn. n7987"]
[Site "www.chess-mail.com"]
[Date "2015.02.09"]
[Round "1"]
[White "Passaroa25"]
[Black "Bluetealeaf"]
[WhiteElo "1460"]
[BlackElo "1700"]
[Result "0-1"]
[Round "1"]
1.e4 e5
2.Ng1e2 Ng8f6
3.f3 Bf8c5
4.Ne2g3 g6
5.d3 d5
6.Nb1d2 dxe4
7.Ng3xe4 Nf6xe4
8.Nd2xe4 Qd8e7
9.Bc1d2 Bc8e6
10.Qd1e2 Nb8c6
11.c3 O-O-O
12.O-O-O Be6xa2
13.Ne4xc5 Qe7xc5
14.Qe2e3 Nc6d4
15.b4 Qc5c6
16.Kb2 Qc6a4
17.cxd4 Qa4b3
18.Ka1 Qb3xd1
19.Kxa2 Qd1c2
20.Ka3 b5
21.dxe5 Qc2b1
22.Qe3xa7 Qb1a1
23.Kb3 Qa1xa7
24.Bf1e2 Qa7f2
25.Bd2g5 Rd8d5
26.Bg5f6 Rh8e8
27.Be2f1 Qf2e1
28.e6 Qe1d1
29.Kc3 Qd1a1
30.Kd2 Qa1xf6
31.exf7 Qf6b2
{ resign }
0-1

[Event "Tourn. n7965"]
[Site "www.chess-mail.com"]
[Date "2015.02.09"]
[Round "1"]
[White "Osopanda"]
[Black "Ffdd65"]
[WhiteElo "2020"]
[BlackElo "2150"]
[Result "0-1"]
[Round "1"]
1.c4 g6
2.d4 Bf8g7
3.Nb1c3 Nb8c6
4.Ng1f3 e6
5.e4 d6
6.Bc1e3 e5
7.Bf1e2 Bc8g4
8.dxe5 Bg4xf3
9.gxf3 Bg7xe5
10.f4 Be5xc3
11.bxc3 Ng8f6
12.Be2f3 Qd8e7
13.Qd1c2 O-O
14.h4 h5
15.Rh1g1 Kh7
16.O-O-O Rf8e8
17.Rg1g5 Nf6xe4
18.Rg5d5 f5
19.c5 Ra8d8
20.cxd6 Ne4xd6
21.Be3c5 Rd8d7
22.Bc5xd6 Rd7xd6
23.Rd5xd6 cxd6
24.Bf3xc6 bxc6
25.Rd1g1 Qe7xh4
26.Qc2d2 d5
27.Rg1g3 Re8e4
28.Rg3e3 Qh4xf4
29.Kc2 Re4xe3
30.fxe3 Qf4h6
31.Qd2d4 Qh6g7
32.Qd4c5 Qg7c7
33.Kd3 h4
34.Qc5d4 Qc7e7
35.Qd4f4 Qe7e4
36.Qf4xe4 dxe4
{ resign }
0-1

[Event "Tourn. n7769"]
[Site "www.chess-mail.com"]
[Date "2015.02.09"]
[Round "1"]
[White "Naujzaid"]
[Black "Picifarkinca"]
[WhiteElo "1779"]
[BlackElo "1799"]
[Result "1/2-1/2"]
[Round "1"]
1.d4 Ng8f6
2.c4 e6
3.Nb1c3 Bf8b4
4.Qd1c2 O-O
5.a3 Bb4xc3
6.Qc2xc3 d5
7.Bc1g5 dxc4
8.Qc3xc4 Qd8d5
9.Qc4xd5 Nf6xd5
10.e4 f6
11.Bg5d2 Nd5e7
12.Bf1c4 c6
13.Ng1f3 Rf8d8
14.O-O Kh8
15.Bd2c3 a5
16.Ra1d1 b5
17.Bc4b3 a4
18.Bb3a2 Ne7g6
19.g3 Nb8a6
20.h4 Na6c7
21.h5 Ng6e7
22.h6 Kg8
23.hxg7 Kf7
24.Nf3h4 Kxg7
25.Kg2 Bc8d7
26.Rf1h1 Ne7g6
27.Nh4xg6 hxg6
28.Rh1h2 Rd8h8
29.Rh2xh8 Ra8xh8
30.Bc3a5 Nc7a6
31.d5 cxd5
32.exd5 exd5
33.Ba2xd5 Rh8c8
34.Bd5b7 Bd7c6
35.Bb7xc6 Rc8xc6
36.Rd1d7 Kh6
37.Ba5d2 g5
38.Bd2c3 Na6c5
39.Rd7f7 Kg6
40.Rf7f8 Nc5e4
41.Bc3d4 { draw }
1/2-1/2

[Event "Tourn. n8060"]
[Site "www.chess-mail.com"]
[Date "2015.02.09"]
[Round "1"]
[White "Julian"]
[Black "Foxy100"]
[WhiteElo "2000"]
[BlackElo "2180"]
[Result "1-0"]
[Round "1"]
1.e4 c5
2.Ng1f3 d6
3.c3 a6
4.d4 Nb8d7
5.Bc1e3 e6
6.e5 cxd4
7.cxd4 Ng8e7
8.Bf1d3 Ne7d5
9.Be3d2 { resign }
1-0

[Event "Tourn. n7874"]
[Site "www.chess-mail.com"]
[Date "2015.02.09"]
[Round "1"]
[White "Obisporey"]
[Black "Seger"]
[WhiteElo "2410"]
[BlackElo "2700"]
[Result "0-1"]
[Round "1"]
1.e4 e6
2.d4 d5
3.Nb1c3 Ng8f6
4.e5 Nf6d7
5.f4 c5
6.Ng1f3 Nb8c6
7.Bc1e3 Bf8e7
8.Qd1d2 O-O
9.dxc5 Nd7xc5
10.O-O-O b6
11.h4 Bc8b7
12.h5 Nc5e4
13.Nc3xe4 dxe4
14.Nf3d4 Nc6xd4
15.Qd2xd4 Qd8xd4
16.Be3xd4 Ra8c8
17.h6 g5
18.g3 Rf8d8
19.Rh1h2 Bb7d5
20.Kb1 Bd5c6
21.Bf1h3 Be7c5
22.Rh2d2 e3
23.Bd4xe3 Rd8xd2
24.Be3xd2 Bc6f3
25.Rd1f1 g4
26.Rf1xf3 gxf3
27.c3 f5
28.exf6 Kf7
29.g4 Kxf6
30.g5 Kg6
31.Bh3xe6 f2
32.f5 Kh5
33.Be6c4 Rc8e8
34.g6 hxg6
35.f6 g5
36.h7 g4
37.Bd2f4 Re8h8
38.b4 Bc5f8
39.Bf4g3 Rh8xh7
40.Kc2 Kg6
41.Kb3 Kxf6
42.a4 Rh7d7
43.Bg3xf2 Bf8d6
44.a5 g3
45.Bf2d4 Bd6e5
46.Bd4g1 Rd7d1
47.Bg1e3 g2
48.axb6 axb6
49.Be3xb6 Be5d4
{ resign }
0-1

[Event "Tourn. n8006"]
[Site "www.chess-mail.com"]
[Date "2015.02.09"]
[Round "1"]
[White "Osopanda"]
[Black "Maredocla"]
[WhiteElo "2060"]
[BlackElo "2000"]
[Result "0-1"]
[Round "1"]
1.c4 e5
2.Nb1c3 Ng8f6
3.g3 Bf8c5
4.e3 a6
5.d4 exd4
6.exd4 Bc5a7
7.Bf1g2 d6
8.Ng1e2 O-O
9.O-O Bc8g4
10.Qd1d3 Nb8c6
11.Bc1g5 h6
12.Bg5e3 Nc6b4
13.Qd3b1 Ra8b8
14.f3 Bg4h5
15.Ne2f4 Qd8e8
16.Nf4xh5 Qe8xe3
17.Kh1 Nf6xh5
18.Qb1e4 Qe3xe4
19.Nc3xe4 Nb4c2
20.Ra1c1 Nc2e3
21.Rf1e1 Ne3xg2
22.Kxg2 f5
23.Ne4f2 Ba7xd4
24.Rc1c2 Bd4xf2
25.Kxf2 Rb8e8
26.Re1d1 Rf8f7
27.Rd1d2 Rf7e7
28.b4 Nh5f6
29.c5 dxc5
30.bxc5 b5
31.h4 Kf7
32.c6 g5
33.hxg5 hxg5
34.Rd2d4 Re8h8
35.Kg1 Re7e1
36.Kf2 Re1h1
37.Ke3 Rh1g1
38.Rc2e2 Rh8e8
39.Kd2 Rg1xg3
40.Re2xe8 Kxe8
41.Ke3 Rg3g2
42.a4 b4
43.Rd4xb4 Nf6d5
{ resign }
0-1

[Event "Tourn. n7929"]
[Site "www.chess-mail.com"]
[Date "2015.02.09"]
[Round "1"]
[White "Neverless"]
[Black "Nimzo"]
[WhiteElo "2650"]
[BlackElo "2650"]
[Result "1/2-1/2"]
[Round "1"]
1.e4 e6
2.d4 d5
3.Nb1c3 Ng8f6
4.Bc1g5 dxe4
5.Nc3xe4 Nb8d7
6.Ng1f3 h6
7.Ne4xf6 Nd7xf6
8.Bg5h4 c5
9.Bf1b5 Bc8d7
10.Bb5xd7 Qd8xd7
11.Qd1e2 Bf8e7
12.dxc5 O-O
13.O-O Be7xc5
14.Nf3e5 Qd7d4
15.Bh4xf6 gxf6
16.Ne5d3 Bc5e7
17.Qe2f3 Qd4b6
18.Ra1d1 Ra8d8
19.b3 Qb6c7
20.c4 f5
21.g3 Kh7
22.Nd3f4 Be7d6
23.Rf1e1 Bd6xf4
{ draw }
1/2-1/2

[Event "Tourn. n7917"]
[Site "www.chess-mail.com"]
[Date "2015.02.09"]
[Round "1"]
[White "Nimzo"]
[Black "Asoka"]
[WhiteElo "2640"]
[BlackElo "2650"]
[Result "1-0"]
[Round "1"]
1.d4 d5
2.c4 e6
3.Nb1c3 c5
4.cxd5 exd5
5.Ng1f3 Nb8c6
6.g3 Bf8e7
7.Bf1g2 Ng8f6
8.O-O O-O
9.Bc1g5 cxd4
10.Nf3xd4 h6
11.Bg5e3 Bc8g4
12.Qd1a4 Ra8c8
13.Rf1d1 Nc6e5
14.Qa4xa7 Ne5c4
15.Be3c1 Be7c5
16.Qa7xb7 Rc8b8
17.Qb7c6 Bc5xd4
18.Rd1xd4 Bg4d7
19.Qc6c5 Rb8c8
20.Qc5a7 Rc8a8
21.Qa7c5 Ra8c8
22.Qc5b4 Rc8b8
23.Rd4xc4 dxc4
24.Qb4xc4 Qd8a5
25.e4 Rf8c8
26.Qc4d4 Rc8xc3
27.Qd4xc3 Qa5xc3
28.bxc3 { resign }
1-0

[Event "Match"]
[Site "www.echecsemail.com"]
[Date "2015.02.09"]
[Round "1"]
[White "Dany2005"]
[Black "Chapi"]
[WhiteElo "999"]
[BlackElo "1970"]
[Result "1-0"]
[Round "1"]
1.e4 c5
2.Nb1c3 Nb8c6
3.Ng1f3 Ng8f6
4.d4 cxd4
5.Nf3xd4 g6
6.Nd4xc6 bxc6
7.Bf1e2 e5
8.O-O d5
9.exd5 cxd5
10.Be2b5 Bc8d7
11.Bb5xd7 Qd8xd7
12.Bc1g5 Bf8g7
13.Bg5xf6 Bg7xf6
14.Qd1xd5 Ra8d8
15.Qd5xd7 Rd8xd7
16.Ra1d1 Rd7b7
17.Nc3e4 Bf6e7
18.b3 O-O
19.c4 f5
20.Ne4d6 Rb7b6
21.Nd6b5 a6
22.Nb5c3 Rb6d6
23.Rd1xd6 Be7xd6
24.Rf1d1 Bd6c5
25.Kf1 e4
26.Ke2 h6
27.Rd1d5 Bc5b4
28.Nc3a4 g5
29.Na4c5 a5
30.Nc5b7 Kg7
31.Rd5d7 Rf8f7
32.Rd7xf7 Kg6
33.Rf7d7 { resign }
1-0

[Event "Match"]
[Site "www.echecsemail.com"]
[Date "2015.02.09"]
[Round "1"]
[White "Wagner"]
[Black "Pinehill"]
[WhiteElo "1650"]
[BlackElo "1770"]
[Result "1-0"]
[Round "1"]
1.e4 d5
2.e5 c5
3.d4 Nb8c6
4.Bf1b5 Qd8a5
5.Nb1c3 Bc8f5
6.Ng1f3 e6
7.O-O a6
8.Bb5a4 b5
9.Bc1d2 Qa5c7
10.Qd1e2 bxa4
11.a3 Bf5xc2
12.Bd2f4 Bc2b3
13.Ra1c1 Bb3c4
14.Qe2d1 Bc4xf1
15.Kxf1 c4
16.Nc3xa4 Bf8e7
17.h4 h5
18.Rc1c3 Ng8h6
19.Nf3d2 Nh6f5
20.Nd2f3 Nf5xh4
21.Nf3h2 g5
22.g3 gxf4
23.gxh4 Be7xh4
24.Qd1d2 Nc6xe5
25.dxe5 Qc7xe5
26.Nh2f3 Qe5f6
27.Na4c5 a5
28.Rc3c1 Bh4g5
29.Rc1e1 O-O-O
30.Qd2xa5 Rd8d7
31.Nf3e5 Rd7c7
32.Qa5a8 { resign }
1-0

[Event "Match"]
[Site "www.echecsemail.com"]
[Date "2015.02.09"]
[Round "1"]
[White "Forest"]
[Black "Generalfree"]
[WhiteElo "1630"]
[BlackElo "1800"]
[Result "0-1"]
[Round "1"]
1.c4 e5
2.Nb1c3 c6
3.d4 exd4
4.Qd1xd4 d6
5.e4 f6
6.Bc1f4 g5
7.Bf4e3 Bc8e6
8.Bf1e2 Bf8e7
9.Be2h5 Be6f7
10.Bh5xf7 Kxf7
11.Ng1e2 Nb8d7
 { time }
0-1

[Event "Match"]
[Site "www.echecsemail.com"]
[Date "2015.02.09"]
[Round "1"]
[White "Apdash"]
[Black "Castletyme"]
[WhiteElo "2130"]
[BlackElo "1860"]
[Result "0-1"]
[Round "1"]
1.d4 d5
2.Ng1f3 Bc8g4
3.e3 Bg4xf3
4.Qd1xf3 Ng8f6
5.c4 dxc4
6.Bf1xc4 c6
7.Nb1c3 e6
8.O-O Nb8d7
9.e4 Nd7b6
10.Qf3d3 Nb6xc4
11.Qd3xc4 Bf8e7
12.f4 O-O
13.Bc1e3 Nf6g4
14.Be3f2 Ng4xf2
15.Rf1xf2 Qd8d7
16.Ra1d1 b5
17.Qc4e2 Be7b4
18.Kf1 Bb4xc3
19.bxc3 a5
20.f5 exf5
21.Rf2xf5 Qd7d6
 { time }
0-1

[Event "Match"]
[Site "www.echecsemail.com"]
[Date "2015.02.09"]
[Round "1"]
[White "Apdash"]
[Black "Luzhin"]
[WhiteElo "2140"]
[BlackElo "2290"]
[Result "0-1"]
[Round "1"]
1.d4 Ng8f6
2.c3 d5
3.Ng1f3 Bc8f5
4.Bc1g5 Nf6e4
5.Bg5f4 e6
6.Nb1d2 Bf8e7
7.Nd2xe4 Bf5xe4
8.Qd1b3 Qd8c8
9.Nf3d2 Be4g6
10.e3 O-O
11.c4 Nb8c6
12.cxd5 Nc6b4
13.Ra1c1 Nb4xd5
14.Bf4g3 Be7b4
15.Bf1d3 Bb4xd2
16.Kxd2 Bg6xd3
17.Qb3xd3 Qc8d7
18.e4 Nd5b4
19.Qd3c4 a5
20.Ke3 f5
 { time }
0-1